| 000 | 01163cam a2200277 4500 | ||
|---|---|---|---|
| 001 | ABS65506 | ||
| 008 | 020521n2002 000 0 eng u | ||
| 035 | _a(Sirsi) u118068 | ||
| 100 | _aPygott, K | ||
| 245 | _aSuds help to clean up watercourses | ||
| 260 | _c2002 | ||
| 490 |
_aCivil Engineering _v150(2) May 2002, 55(1) |
||
| 520 | _aSustainable urban drainage systems (SUDS) are an environmentally beneficial suite of techniques designed to avoid flooding, pollution and erosion risks associated with traditional piped surface water drainage systems Considers the barriers to implementation including perceived uncertainty as to maintenance responsibilities. SUDS are recognised by PPG 25 and design manuals have been created by CIRIA and the national agencies. | ||
| 590 | _aABS | ||
| 650 | _aDRAINAGE | ||
| 650 | _aSUSTAINABLE URBAN DRAINAGE SYSTEMS | ||
| 650 | _aSUSTAINABLE URBAN DRAINAGE SYSTEMS | ||
| 650 | _aPPG25 | ||
| 650 | _aSURFACE WATER | ||
| 650 | _aENVIRONMENT AGENCY | ||
| 650 | _aSCOTTISH ENVIRONMENT PROTECTION AGENCY | ||
| 650 | _aSEPA | ||
| 650 | _aCIRIA | ||
| 690 | _aENVIRONMENTAL AND LAND CONSULTANCY | ||
| 942 | _n0 | ||
| 999 |
_c70307 _d70307 |
||